Stades de Bundesliga (2025-2026) - Statistiques

Statistiques générales
  • Ce quiz a été pris 31 fois
  • Le résultat moyen est 6 sur 18
Statistiques - réponses
Équipe Stade Capacité % Correct
Bayern Munich Allianz Arena 75 000
100%
Borussia Dortmund Signal Iduna Park 81 359
83%
RB Leipzig Red Bull Arena 44 345
46%
Bayer Leverkusen BayArena 30 210
38%
Borussia Mönchengladbach Borussia Park 54 067
38%
VfB Stuttgart Mercedes-Benz Arena 60 441
29%
VfL Wolfsburg Volkswagen Arena 30 000
29%
Eintracht Francfort Commerzbank Arena 51 500
25%
FC Cologne RheinEnergieStadion 50 000
25%
Hambourg SV VolksparkStadion 57 000
25%
SC Fribourg Europa-Park Stadion 34 700
21%
Union Berlin An der Alten Försterei 22 012
17%
Mayence 05 MEWA Arena 34 034
17%
FC Sankt-Pauli Millerntor-Stadion 29 546
17%
Werder Brême Wohninvest Wesertadion 42 500
17%
Hoffenheim PreZero Arena 30 150
13%
FC Augsbourg WWK Arena 30 660
13%
Heidenheim Voith-Arena 15 000
0%
Aucun quiz correspondant
Distribution des résultats
% des personnes avec chaque résultat
Percentile par nombre de réponses
Votre historique - résultats
Vous n’avez pas pris ce quiz